000 00772nam a2200253Ia 4500
003 OSt
005 20220925215426.0
006 a|||||r|||| 00| 0
007 ta
008 220923b |||||||| |||| 00| 0 eng d
020 _cPound 9.95
037 _b19963, 21/09/1985, IBD
_cGeneral Book
040 _aRTL
_cRTL
_beng
041 _2eng
_aeng
082 _aU47.71.N8, M5
100 _aGuinness Paul
_9282857
245 0 _aNorth America
_b A human geography
260 _aLondon
_bHodder & Stoughton Ltd U K
_c1985
300 _a349p
_ccm.
650 _aHuman Geography
_91464
700 _a Bradshaw Michael
_9244354
942 _hU47.71.N8, M5
_cGB
_2CC
999 _c568778
_d568778